تاريخ الادب فى ايران / (Record no. 180028)

MARC details
000 -LEADER
fixed length control field 01679namaa22003731i 4500
003 - CONTROL NUMBER IDENTIFIER
control field EG-GICUC
005 - DATE AND TIME OF LATEST TRANSACTION
control field 20260506120022.0
008 - FIXED-LENGTH DATA ELEMENTS--GENERAL INFORMATION
fixed length control field 260506s2005 ua ||||jr|||| 001 0 ara d
017 ## - COPYRIGHT OR LEGAL DEPOSIT NUMBER
Copyright or legal deposit number 2005 / 11594
Assigning agency دار الكتب و الوثائق القومية (مصر)
040 ## - CATALOGING SOURCE
Original cataloging agency EG-GiCUC
Language of cataloging ara
Transcribing agency EG-GiCUC
Modifying agency EG-GiCUC
Description conventions rda
041 ## - LANGUAGE CODE
Language code of text/sound track or separate title ara
Language code of accompanying material other than librettos and transcripts eng
Language code of original ava
043 ## - GEOGRAPHIC AREA CODE
Geographic area code a-ir---
082 04 - DEWEY DECIMAL CLASSIFICATION NUMBER
Edition number 21
Classification number 891.5509
Item number B8824t
092 04 - LOCALLY ASSIGNED DEWEY CALL NUMBER (OCLC)
Edition number 21
Classification number 891.5509
Item number B8824t
099 ## - LOCAL FREE-TEXT CALL NUMBER (OCLC)
Classification number 891.5509 B8824t
100 1# - MAIN ENTRY--PERSONAL NAME
Personal name براون ، ادوارد جرانفيل،
Dates associated with a name 1862-1926.
Relator term مؤلف.
245 10 - TITLE STATEMENT
Title تاريخ الادب فى ايران /
Remainder of title تأليف ادوارد براون ؛ ترجمة الى الفارسية على صالح ؛ الترجمة للعربية احمد كمال الدين حلمى ؛تقديم محمد علاء الدين منصور
250 ## - EDITION STATEMENT
Edition statement الطبعة الاولى.
264 ## - PRODUCTION, PUBLICATION, DISTRIBUTION, MANUFACTURE, AND COPYRIGHT NOTICE
Place of production, publication, distribution, manufacture القاهرة :
Name of producer, publisher, distributor, manufacturer المجلي الاعلى الثقافة،
Date of production, publication, distribution, manufacture, or copyright notice 2005.
300 ## - PHYSICAL DESCRIPTION
Extent مجلد واحد
Other physical details ؛
Dimensions 24 سم.
336 ## - CONTENT TYPE
Source rdacontent
Content type term text
337 ## - MEDIA TYPE
Source rdamedia
Media type term Unmediated
338 ## - CARRIER TYPE
Source rdacarrier
Carrier type term volume
490 ## - SERIES STATEMENT
Series statement المشروع القومى للترجمة ؛
Volume/sequential designation 677
504 ## - BIBLIOGRAPHY, ETC. NOTE
Bibliography, etc. note يشتمل على ارجاعات الببلوجفية وكشافات
541 ## - IMMEDIATE SOURCE OF ACQUISITION NOTE
Source of acquisition د. جابر عصفور ؛
Address القاهرة ؛
Method of acquisition إهداء ؛
Date of acquisition 2024.
650 17 - SUBJECT ADDED ENTRY--TOPICAL TERM
Topical term or geographic name entry element الادب الفارسى
General subdivision تاريخ ونقد
Source of heading or term qrmak
651 1# - SUBJECT ADDED ENTRY--GEOGRAPHIC NAME
Source of heading or term qrmak
700 1# - ADDED ENTRY--PERSONAL NAME
Personal name صالح ، على باشا
Relator term مترجم.
700 1# - ADDED ENTRY--PERSONAL NAME
Personal name حلمى، احمد كمال الدين
Relator term مترجم.
700 1# - ADDED ENTRY--PERSONAL NAME
Personal name منصور ، محمد علاء الدين
Relator term مقدم.
905 ## - Cataloger and Reviser Names
Cataloger Name Noha
942 ## - ADDED ENTRY ELEMENTS (KOHA)
Source of classification or shelving scheme Dewey Decimal Classification
Koha item type Books
Edition 21
Suppress in OPAC No
Holdings
Withdrawn status Lost status Source of classification or shelving scheme Damaged status Not for loan Home library Current library Date acquired Inventory number Total checkouts Full call number Barcode Date last seen Price effective from Koha item type
    Dewey Decimal Classification   Not for loan المكتبة المركزبة الجديدة - جامعة القاهرة قاعة المكتبات المهداة - الدور الرابع 06.05.2026 175431   891.5509 B8824t v,1 p.t.1 J.U. 01000100175431001 06.05.2026 06.05.2026 Books
    Dewey Decimal Classification   Not for loan المكتبة المركزبة الجديدة - جامعة القاهرة قاعة المكتبات المهداة - الدور الرابع 06.05.2026 175431   891.5509 B8824t v,1 p.t.2 J.U. 01000100175431002 06.05.2026 06.05.2026 Books
Cairo University Libraries Portal Implemented & Customized by: Eng. M. Mohamady Contacts: new-lib@cl.cu.edu.eg | cnul@cl.cu.edu.eg
CUCL logo CNUL logo
© All rights reserved — Cairo University Libraries
CUCL logo
Implemented & Customized by: Eng. M. Mohamady Contact: new-lib@cl.cu.edu.eg © All rights reserved — New Central Library
CNUL logo
Implemented & Customized by: Eng. M. Mohamady Contact: cnul@cl.cu.edu.eg © All rights reserved — Cairo National University Library